Célébrité Québécoise 1 (image) - Statistiques

Statistiques générales
  • Ce quiz a été pris 74 fois
  • Le résultat moyen est 6 sur 16
Statistiques - réponses
Par images Réponse % Correct
Céline Dion
98%
Roxane Bruneau
61%
Stéphane Rousseau
56%
Guy Jodoin
49%
Gildor Roy
42%
Claude Legault
39%
Patrick Huard
36%
Sébastien Delorme
36%
Antoine Bertrand
34%
Roy Dupuis
34%
Ludivine Reding
32%
Suzanne Clement
24%
Sophie Cadieux
20%
Isabel Richer
14%
Patrick Labbé
14%
Jean-Nicholas Verreault
10%
Aucun quiz correspondant
Distribution des résultats
% des personnes avec chaque résultat
Percentile par nombre de réponses
Votre historique - résultats
Vous n’avez pas pris ce quiz